| 000 | 00725nam a2200169Ia 4500 | ||
|---|---|---|---|
| 005 | 20251020182616.0 | ||
| 008 | 200515s9999 xx 000 0 und d | ||
| 082 | _aSC/693.33/O41 | ||
| 100 | _aOLARTE, Jorge Luis GUZMÁN, Evelin | ||
| 245 | 0 | _aManual de edificación con tierra armada: diseño, cálculo y construcción con el sistema CET | |
| 260 | _aLima | ||
| 260 | _c1993 | ||
| 300 | _a147 | ||
| 520 | _aBusca dar una alternativa para edificar utilizando como punto de partida las tecnologías vernáculas como el tapial y otros sistemas mixtos identificados en muchas zonas geográficas del mundo y tratando de adaptarlos a los conceptos del sistema que se anal | ||
| 650 | _aCONSTRUCCIONES EN TIERRA | ||
| 942 | _cLIB | ||
| 999 |
_c3496 _d3496 |
||